| 000 | 00550nam a2200169Ia 4500 | ||
|---|---|---|---|
| 008 | 090201s9999 xx 000 0 und d | ||
| 010 | _aKPL-28758 | ||
| 040 | _bमराठी | ||
| 041 | _aमराठी | ||
| 082 |
_a30753 _b28758 |
||
| 100 | _aना. रा. शेंडे | ||
| 245 |
_aविचार प्रबोधिनी _cना. रा. शेंडे |
||
| 260 |
_c2004 _bश्रीशेष प्रकाशन |
||
| 300 |
_a60 _bमोठा |
||
| 600 | _aविचार प्रबोधिनी | ||
| 942 | _cBOOK | ||
| 999 |
_c229280 _d229280 |
||